K VYMEDZENIU OBJEKTU A PREDMETU POLICAJNO-BEZPEČNOSTNEJ VEDY

Podrobná bibliografia
Hlavný autor: Holcr, Květoň, 1938- (Autor)
Médium: Článok
Jazyk:slovenčina

MARC

LEADER 00000nab a2200000 a 4500
001 vtls010710825
003 SK-MaSNL
005 20260304190000.0
008 250709s1996 xo |||||||||||||||||slo|
035 |a (urnnbn)urn:nbn:sk:snk:ar-a0461i 
035 |a (uuid)a21dcaad-4f51-439a-88bf-07de71509e7e 
035 |a urn:nbn:sk:snk-ab3e4m 
040 |a SNKBUCL  |b slo  |c SNKBUCL  |e AACR2 
041 0 |a slo 
044 |a xo  |c SK 
100 1 |a Holcr, Květoň,  |d 1938-  |4 aut  |9 167762 
245 1 0 |a K VYMEDZENIU OBJEKTU A PREDMETU POLICAJNO-BEZPEČNOSTNEJ VEDY  |c Květoň Holcr 
773 0 |t Policajná teória a prax : časopis Akadémie Policajného zboru pre policajnú teóriu a prax  |g Roč. 4, č. 4 (1996), s. 27-37 
850 |a Slovenská národná knižnica 
852 |a Slovenská národná knižnica 
954 |a odborná, vedecká literatúra pôvodná (slovenská)  |2 lita 
958 |a article1 
958 |a OND 
958 |a EUIPO 
999 |c 3047507  |d 3049437